О некоторых вопросах применения принципов технической кибернетики в бетатронной технике; Proceedings of the 4th International Betatron Symposium (Prague, September 5-10, 1966). Jnstitute of plasma Physics Czechoslovak Academy of Seiences

Podrobná bibliografie
Parent link:Proceedings of the 4th International Betatron Symposium (Prague, September 5-10, 1966). Jnstitute of plasma Physics Czechoslovak Academy of Seiences.— 1967.— С. 80-82
Hlavní autor: Воробьев А. А. Александр Акимович
Další autoři: Разин В. М. Виктор Мартемьянович, Макаров Н. Я.
Shrnutí:В фонде НТБ ТПУ отсутствует
Jazyk:angličtina
Vydáno: 1967
Témata:
Médium: MixedMaterials Kapitola
KOHA link:https://koha.lib.tpu.ru/cgi-bin/koha/opac-detail.pl?biblionumber=592683

MARC

LEADER 00000naa0a2200000 4500
001 592683
005 20250128162526.0
035 |a (RuTPU)RU\TPU\tpu\5063 
090 |a 592683 
100 |a 20011210d1967 k y0rusy50 ca 
101 0 |a eng 
102 |a CZ 
200 1 |a О некоторых вопросах применения принципов технической кибернетики в бетатронной технике  |f А. А. Воробьев, В. М. Разин, Н. Я. Макаров 
333 |a В фонде НТБ ТПУ отсутствует 
463 |t Proceedings of the 4th International Betatron Symposium (Prague, September 5-10, 1966). Jnstitute of plasma Physics Czechoslovak Academy of Seiences  |v С. 80-82  |d  1967 
610 1 |a электроника 
610 1 |a труды учёных ТПУ 
610 1 |a рентгенотехника 
610 1 |a ускорители 
700 1 |a Воробьев  |b А. А.  |c российский физик  |c ректор Томского политехнического института, профессор  |f 1909-1981  |g Александр Акимович  |3 (RuTPU)RU\TPU\pers\12805  |4 070 
701 1 |a Разин  |b В. М.  |c российский ученый  |c профессор кафедры вычислительной техники Томского политехнического университета  |f 1925-  |g Виктор Мартемьянович  |3 (RuTPU)RU\TPU\pers\19856  |4 070 
701 1 |a Макаров  |b Н. Я.  |4 070 
801 0 |a RU  |b 63413507  |c 20011210  |g PSBO 
801 2 |a RU  |b 63413507  |c 20100217  |g PSBO 
942 |c BK